000
00292nam a2200121Ia 4500
008
190216s9999||||xx |||||||||||||| ||und||
100
_a
Wazir Akthar
245
0
_a
Economics In Islamic Law
260
_b
"Kitab Bhavan, New Delhi-2"
300
_a
71
650
_a
Islamic History
942
_c
BK
999
_c
22292
_d
22292